Xây dựng bộ trích xuất và phân loại quan điểm thời gian thực cho các bài viết tiếng Việt trên Facebook : Luận văn Thạc sĩ Công nghệ thông tin. Chuyên ngành Hệ thống thông tin

Xây dựng hệ thống trích xuất và phân loại quan điểm thời gian thực cho các bài viết tiếng Việt trên Facebook trên nền tảng thế hệ mới Apache Spark.

שמור ב:
מידע ביבליוגרפי
מחבר ראשי: Nguyễn, Phương
פורמט: ספר
שפה:Undetermined
יצא לאור: Cần Thơ Trường Đại học Cần Thơ 2018
נושאים:
תגים: הוספת תג
אין תגיות, היה/י הראשונ/ה לתייג את הרשומה!
Thư viện lưu trữ: Trung tâm Học liệu Trường Đại học Cần Thơ
LEADER 01175nam a2200229Ia 4500
001 CTU_228744
008 210402s9999 xx 000 0 und d
082 |a 006.312 
082 |b Ph561 
088 |a 60480104 
100 |a Nguyễn, Phương 
245 0 |a Xây dựng bộ trích xuất và phân loại quan điểm thời gian thực cho các bài viết tiếng Việt trên Facebook : 
245 0 |b Luận văn Thạc sĩ Công nghệ thông tin. Chuyên ngành Hệ thống thông tin 
245 0 |c Nguyễn Phương ; Phan Thượng Cang (Hướng dẫn khoa học) 
260 |a Cần Thơ 
260 |b Trường Đại học Cần Thơ 
260 |c 2018 
520 |a Xây dựng hệ thống trích xuất và phân loại quan điểm thời gian thực cho các bài viết tiếng Việt trên Facebook trên nền tảng thế hệ mới Apache Spark. 
650 |a Data mining,Khai thác dữ liệu 
650 |x Computer programs,Chương trình máy tính 
910 |b nthai 
980 |a Trung tâm Học liệu Trường Đại học Cần Thơ